000 01529nkm a2200325 i 4500
001 3117
003 ES-MaACL
005 20250713062554.0
007 khrbo
008 041119s1982 sp --- g |001||spa d
100 0 _aAlfonso,
_d1902-1990
_919858
245 1 1 _a"Padre Padrone" de Paolo y Vitorio Taviani [
_hFotografía] /
_cAlfonso (sello).
260 _a[S.l. :
_bs.n.],
_c1982.
300 _a4 fot. :
_bb. y n. ;
_c12 x 18 cm.
490 1 _aColoquios de cine y de psicopatología
500 _aDatos basados en invitación.
511 0 _aIntervienen: Francisco Alonso-Fernández, Pedro Ridruejo, Octavio Uña, Juan Luis Recio.
518 _aActo organizado por el Ateneo de Madrid en colaboración con el Departamento Universitario de Psiquiatría y Psicología Médica de la Universidad Complutense, celebrado en el salón de actos el jueves 25 de noviembre de 1982, a las 20:00 h.
600 1 4 _aAlonso-Fernández, Francisco.
_920309
600 1 4 _aRidruejo, Pedro.
_997066
600 1 4 _aUña Juárez, Octavio,
_d1945-
_9112043
600 1 4 _aRecio Adrados, Juan-Luis.
_995765
610 2 4 _aAteneo de Madrid-
_xActos culturales-
_y1982-
_vFotografías.
_91894
710 2 _aAteneo de Madrid.
_91875
710 0 0 _aUniversidad Complutense de Madrid.
_bDepartamento de Psiquiatría.
_97112
830 0 _aColoquios de cine y de psicopatología
_9176707
852 _aES-MaACL
_jFOT 62/1982
856 4 _uhttp://www.ateneodemadrid.net/biblioteca_digital/imagenes/1982/0062-1982.jpg
_zVer imagen
999 _c3117
_d3117